Libraries in Russia history of the library of the Academy of Sciences from Peter the Great to present

Bibliographic Details
Main Author: Leonov, Valerii (Author)
Other Authors: Yashugin, Nikolai I. (Translator)
Format: Book
Language:English
Russian
PhysicalDescription:244 s. 25 cm
Published: München K. G. Saur 2005
ISBN:3598115938 (viaz.)
Edition:[1. ed.]
Subjects:

MARC

LEADER 00000nam a2200000 a 4500
001 vtls008410776
003 SK-MaSNL
005 20260301043336.0
008 240318s2005 gw g 001 0 eng
020 |a 3598115938 (viaz.) 
040 |a SNK  |b slo  |c SNK  |e AACR2 
041 1 |a eng  |h rus 
043 |a e-ru--- 
044 |a gx  |c DE 
072 7 |a 026/027  |x Knižnice  |2 konspekt 
080 |a 026/027  |2 MDT-MRF 
080 |a (470)  |2 MDT-MRF 
080 |a (048.8)  |2 MDT-MRF 
100 1 |a Leonov, Valerii  |4 aut  |9 347999 
245 1 0 |a Libraries in Russia  |b history of the library of the Academy of Sciences from Peter the Great to present  |c Valerii Leonov; [translated by Nikolai I. Yashugin ... [et al.]] 
250 |a [1. ed.] 
260 |a München  |b K. G. Saur  |c 2005 
300 |a 244 s.  |c 25 cm 
500 |a Pravdepodobne preložené z ruš. 
504 |a Bibliogr. odkazy. Reg. 
610 2 7 |a Rossijskaja akademija nauk.  |b Biblioteka  |2 SNKKA  |9 82195 
650 0 7 |a dejiny knižníc  |2 SNKPH  |9 60304 
650 0 7 |a knižnice  |2 SNKPH  |9 17965 
651 7 |a Rusko  |2 SNKPHgeo  |9 17250 
655 7 |a prehľady  |2 SNKPH  |9 70194 
700 1 |a Yashugin, Nikolai I.  |4 trl  |9 348000 
919 |a 3-598-11593-8 
999 |c 593349  |d 595279 
952 |t snkLEO 026/027(470)  |a SNKUST  |b SNKUST  |y PREZ  |7 0  |p 17A0491478  |o snkIC 132684  |i snk2005/19804  |8 3  |g 106.22  |0 0  |1 0  |4 0  |d 2005-11-22  |l 0  |r 2025-05-28 00:00:00  |w 2026-02-23